000 00270nam a22001217a 4500
008 181101b xxu||||| |||| 00| 0 eng d
041 _aeng
080 _a821
100 _a23
101 _aGJU
245 _aA dictionary Literacy Terms
_cGuddon.J.A
942 _2udc
_cBK
999 _c51548
_d51548